<?xml version="1.0" encoding="UTF-8"?>
<marc:record xmlns:marc="http://www.loc.gov/MARC21/slim">
   <marc:leader>00000nam a2200000 a 4500</marc:leader>
   <marc:datafield ind1="1" ind2=" " tag="100">
      <marc:subfield code="a">Remini, Leah</marc:subfield>
   </marc:datafield>
   <marc:datafield ind1="1" ind2=" " tag="100">
      <marc:subfield code="a">Hudgens, Vanessa</marc:subfield>
   </marc:datafield>
   <marc:datafield ind1="1" ind2=" " tag="100">
      <marc:subfield code="a">Lopez, Jennifer</marc:subfield>
   </marc:datafield>
   <marc:datafield ind1="1" ind2=" " tag="100">
      <marc:subfield code="a">Segal, Peter</marc:subfield>
   </marc:datafield>
   <marc:datafield ind1=" " ind2=" " tag="653">
      <marc:subfield code="a">New York</marc:subfield>
   </marc:datafield>
   <marc:datafield ind1=" " ind2=" " tag="653">
      <marc:subfield code="a">Karriere</marc:subfield>
   </marc:datafield>
   <marc:datafield ind1=" " ind2=" " tag="653">
      <marc:subfield code="a">Manhattan</marc:subfield>
   </marc:datafield>
   <marc:datafield ind1=" " ind2=" " tag="653">
      <marc:subfield code="a">Komödie</marc:subfield>
   </marc:datafield>
   <marc:datafield ind1="0" ind2="0" tag="245">
      <marc:subfield code="a">Manhattan Queen</marc:subfield>
   </marc:datafield>
   <marc:datafield ind1="0" ind2="0" tag="245">
      <marc:subfield code="c">DVD</marc:subfield>
   </marc:datafield>
   <marc:datafield ind1=" " ind2="1" tag="264">
      <marc:subfield code="a">München</marc:subfield>
      <marc:subfield code="b">TOBIS Film</marc:subfield>
      <marc:subfield code="c">2019</marc:subfield>
   </marc:datafield>
   <marc:datafield ind1="1" ind2=" " tag="520">
      <marc:subfield code="a">Maya (Jennifer Lopez) ist Anfang 40 und ziemlich frustriert. Sie hat sich im größten Supermarkt von Queens bis zur stellvertretenden Filialleiterin hochgearbeitet, doch den Chefposten kann sie sich ohne vernünftigen Schulabschluss abschminken. Da bekommt sie eine zweite Chance: Ohne ihr Wissen poliert der Sohn ihrer besten Freundin Joan (Leah Remini) Mayas Lebenslauf auf und verpasst ihr gleich auch noch den passenden Social Media-Auftritt. Prompt erhält sie eine Einladung zu einem Vorstellungsgespräch nach Manhattan, und ehe sie sich versieht, findet sie sich als Marketing-Beraterin mit eigenem Büro bei einem Kosmetikkonzern wieder. Maya erfindet sich von Grund auf neu, um der Welt zu zeigen, dass Cleverness mindestens so wertvoll ist wie ein College-Diplom. Doch wie lange kann sie ihre falsche Identität aufrechterhalten?</marc:subfield>
   </marc:datafield>
   <marc:datafield ind1="3" ind2=" " tag="024">
      <marc:subfield code="a">4061229105002</marc:subfield>
   </marc:datafield>
   <marc:datafield ind1="0" ind2=" " tag="490">
      <marc:subfield code="v">0</marc:subfield>
   </marc:datafield>
   <marc:datafield ind1=" " ind2=" " tag="300">
      <marc:subfield code="a">1 DVD : ca. 100 Min.</marc:subfield>
   </marc:datafield>
</marc:record>
